[Event "Madrid-ch 2017-2018 - Previa A"]
[Site "Madrid ESP"]
[Date "2018.02.20"]
[Round "8.31"]
[White "Santiago Garcia, Jorge"]
[Black "Diaz del Prado, Carlos"]
[Result "1-0"]
[WhiteElo "1483"]
[BlackElo "1302"]
[PlyCount "65"]
[EventDate "2018.02.05"]
[EventType "swiss"]
[EventRounds "9"]
[EventCountry "ESP"]
[SourceTitle "Ajedrez en Madrid"]
[Source "lmi"]
[SourceDate "2018.02.05"]

1. e4 e5 2. Nf3 Nf6 3. Nc3 Nc6 4. Bc4 Bb4 5. d3 O-O 6. Bd2 Na5 7. Nxe5 Nxc4 8.
Nxc4 Re8 9. Ne3 d6 10. O-O c6 11. a3 Ba5 12. b4 Bc7 13. Ne2 d5 14. exd5 Qd6 15.
Ng3 h5 16. Nc4 Qxd5 17. Re1 Bg4 18. f3 Be6 19. Bc3 Qg5 20. Bxf6 Qxf6 21. Nxh5
Bxh2+ 22. Kxh2 Qh4+ 23. Kg1 Qxh5 24. Nd6 Re7 25. Re2 Rd8 26. Ne4 Qg6 27. Qd2
Bc4 28. Rae1 Kf8 29. Qf4 Bd5 30. Nc5 Rxe2 31. Rxe2 b6 32. Qh4 f6 33. Qh8+ 1-0

[Event "Madrid-ch 2017-2018 - Previa A"]
[Site "Madrid ESP"]
[Date "2018.02.21"]
[Round "9.2"]
[White "Andalon Gomez, Carlos Jesus"]
[Black "Vazquez Gonzalez, Jesus"]
[Result "0-1"]
[WhiteElo "1935"]
[BlackElo "1985"]
[PlyCount "84"]
[EventDate "2018.02.05"]
[EventType "swiss"]
[EventRounds "9"]
[EventCountry "ESP"]
[SourceTitle "Ajedrez en Madrid"]
[Source "lmi"]
[SourceDate "2018.02.05"]

1. d4 c5 2. d5 e5 3. c4 d6 4. e4 g6 5. Nc3 Bg7 6. h3 Ne7 7. Nf3 O-O 8. g4 a6 9.
Be3 Bd7 10. Bd3 Qe8 11. Qe2 f5 12. Rg1 Kh8 13. O-O-O b5 14. cxb5 axb5 15. Nxb5
fxe4 16. Nc7 exd3 17. Qxd3 Qd8 18. Nxa8 Rxf3 19. Qb3 Na6 20. Nb6 Rf8 21. Nc4
Qc7 22. Qb6 Qxb6 23. Nxb6 Bb5 24. a4 Be2 25. Rd2 Bf3 26. Bg5 Nc8 27. Nxc8 Rxc8
28. Be7 Bf8 29. Bf6+ Kg8 30. Rg3 e4 31. h4 Nb4 32. h5 Bg7 33. Be7 Be5 34. hxg6
hxg6 35. Rh3 Bxg4 36. Rh4 Bh5 37. Bg5 Bf3 38. Bf4 Nd3+ 39. Rxd3 exd3 40. Bxe5
dxe5 41. d6 Rd8 42. Rc4 Rxd6 0-1

[Event "Madrid-ch 2017-2018 - Previa A"]
[Site "Madrid ESP"]
[Date "2018.02.21"]
[Round "9.3"]
[White "Alvarez Abejon, Amilcar"]
[Black "Jimenez Garcia, Rodrigo"]
[Result "1-0"]
[WhiteElo "1958"]
[BlackElo "1783"]
[PlyCount "59"]
[EventDate "2018.02.05"]
[EventType "swiss"]
[EventRounds "9"]
[EventCountry "ESP"]
[SourceTitle "Ajedrez en Madrid"]
[Source "lmi"]
[SourceDate "2018.02.05"]

1. e4 e6 2. d4 d5 3. exd5 exd5 4. c4 Bb4+ 5. Nc3 Nf6 6. Bd3 dxc4 7. Bxc4 O-O 8.
Nge2 Bf5 9. O-O a6 10. Bg5 Bd6 11. Ng3 Bg6 12. Qf3 Bxg3 13. hxg3 Qxd4 14. Qxb7
Qxc4 15. Qxa8 Ne4 16. Be3 Nc6 17. Qb7 Na5 18. Qd5 Nxc3 19. Qxc4 Nxc4 20. bxc3
Nxe3 21. fxe3 Be4 22. Rad1 c6 23. Rf4 f5 24. g4 g5 25. Rf2 fxg4 26. Rxf8+ Kxf8
27. Rd4 Bf5 28. Ra4 Bd3 29. Rxg4 h6 30. Rd4 1-0

[Event "Madrid-ch 2017-2018 - Previa A"]
[Site "Madrid ESP"]
[Date "2018.02.21"]
[Round "9.5"]
[White "Perez Cameselle, Francisco Jose"]
[Black "Perez Diez, Victor"]
[Result "1/2-1/2"]
[WhiteElo "1773"]
[BlackElo "1912"]
[PlyCount "201"]
[EventDate "2018.02.05"]
[EventType "swiss"]
[EventRounds "9"]
[EventCountry "ESP"]
[SourceTitle "Ajedrez en Madrid"]
[Source "lmi"]
[SourceDate "2018.02.05"]

1. e4 e5 2. Nf3 Nf6 3. Nxe5 d6 4. Nf3 Nxe4 5. Qe2 Qe7 6. d3 Nf6 7. Qxe7+ Bxe7
8. Be2 d5 9. O-O Bg4 10. Re1 O-O 11. h3 Bh5 12. Bf4 c6 13. Nbd2 Nbd7 14. Nh4
Bc5 15. Nb3 Bb6 16. a4 Rfe8 17. Bxh5 Nxh5 18. Bh2 Nc5 19. Nxc5 Bxc5 20. Nf3 Nf6
21. Kf1 Nd7 22. Rxe8+ Rxe8 23. Re1 Kf8 24. d4 Rxe1+ 25. Kxe1 Be7 26. Ke2 b5 27.
axb5 cxb5 28. Bc7 Ke8 29. Ne1 Nf8 30. Ba5 Ne6 31. c3 Kd7 32. Nd3 f6 33. f3 Bd6
34. b3 Kc6 35. Kd2 Bf4+ 36. Ke2 Bd6 37. Kd2 Be7 38. Ke2 g6 39. Kd2 Bd6 40. Ke2
h5 41. Kd2 Be7 42. Ke2 Bd6 43. Kd2 g5 44. Ke2 h4 45. Kd2 Bf4+ 46. Ke2 Bd6 47.
Kd2 Bc7 48. Nb4+ Kd6 49. Bxc7+ Nxc7 50. Nd3 a5 51. Nc5 Ne6 52. Nd3 Kc6 53. Kc2
Ng7 54. Kd2 Nf5 55. Ne1 a4 56. bxa4 bxa4 57. Nc2 Ne7 58. Kd3 Ng6 59. Ke3 Nf4
60. Kf2 Nd3+ 61. Ke3 Nf4 62. Kf2 Nd3+ 63. Ke3 Nb2 64. Na3 Kd6 65. Nb5+ Kc6 66.
Na3 Nd1+ 67. Kd2 Nf2 68. Ke3 Nh1 69. f4 Ng3 70. fxg5 fxg5 71. Kf3 Ne4 72. Kg4
Nxc3 73. Kxg5 Nb5 74. Nc2 Nxd4 75. Nxd4+ Kc5 76. Ne2 a3 77. Nc1 d4 78. Kf4 Kc4
79. Ke4 d3 80. Ke3 Kc3 81. Na2+ Kc2 82. Nb4+ Kc3 83. Na2+ Kb2 84. Nb4 Kc3 85.
Na2+ Kb3 86. Nc1+ Kc3 87. Na2+ Kb3 88. Nc1+ Kc2 89. Nxd3 Kc3 90. Nc1 Kc2 91.
Na2 Kb2 92. Nb4 Kb3 93. Nd3 Kc3 94. Nc1 Kc2 95. Na2 Kb3 96. Nc1+ Kb2 97. Kd2
Kb1 98. Kd1 Kb2 99. Kd2 Kb1 100. Kd1 Kb2 101. Kd2 1/2-1/2

[Event "Madrid-ch 2017-2018 - Previa A"]
[Site "Madrid ESP"]
[Date "2018.02.21"]
[Round "9.9"]
[White "Carrasco Coquillat, Jorge"]
[Black "Martin-Consuegra Barrilero, Francisco Javier"]
[Result "1/2-1/2"]
[WhiteElo "1726"]
[BlackElo "1785"]
[PlyCount "20"]
[EventDate "2018.02.05"]
[EventType "swiss"]
[EventRounds "9"]
[EventCountry "ESP"]
[SourceTitle "Ajedrez en Madrid"]
[Source "lmi"]
[SourceDate "2018.02.05"]

1. c4 d6 2. Nc3 e5 3. g3 Nf6 4. Bg2 c6 5. e3 Be7 6. Nge2 Be6 7. d3 O-O 8. O-O
d5 9. cxd5 cxd5 10. d4 e4 1/2-1/2

[Event "Madrid-ch 2017-2018 - Previa A"]
[Site "Madrid ESP"]
[Date "2018.02.21"]
[Round "9.10"]
[White "Caamaño Jimenez, Luis"]
[Black "Rosa Ramirez, Victor Diego"]
[Result "0-1"]
[WhiteElo "1746"]
[BlackElo "1907"]
[PlyCount "172"]
[EventDate "2018.02.05"]
[EventType "swiss"]
[EventRounds "9"]
[EventCountry "ESP"]
[SourceTitle "Ajedrez en Madrid"]
[Source "lmi"]
[SourceDate "2018.02.05"]

1. c4 c6 2. g3 e6 3. Bg2 d5 4. cxd5 exd5 5. e3 Nf6 6. Nc3 d4 7. Ne4 dxe3 8.
Nxf6+ Qxf6 9. fxe3 Be6 10. Nf3 Bd6 11. O-O Qe7 12. b3 Nd7 13. Bb2 f6 14. Qc2
O-O 15. Nd4 Ne5 16. Nxe6 Qxe6 17. Rae1 Rad8 18. Qe4 Rfe8 19. d4 Nf7 20. Qxe6
Rxe6 21. d5 cxd5 22. Bxd5 Re7 23. Bd4 Bb4 24. Bxf7+ Kxf7 25. Rd1 b6 26. Kf2 Ba3
27. Kf3 Rc8 28. Rf2 Bb4 29. Rb1 Rec7 30. Rbb2 Ke6 31. Ke4 Be7 32. Rbe2 h5 33.
h3 g6 34. Rg2 f5+ 35. Kf3 Rc1 36. h4 Kd5 37. Bb2 Rf1+ 38. Rgf2 Rxf2+ 39. Rxf2
Bc5 40. Rd2+ Kc6 41. e4 fxe4+ 42. Kxe4 Re8+ 43. Kf3 Re3+ 44. Kf4 Re1 45. Rc2
Kd5 46. Rg2 Be3+ 47. Kf3 Bh6 48. Bf6 Rf1+ 49. Rf2 Rxf2+ 50. Kxf2 Ke4 51. Ke2 b5
52. a4 a6 53. axb5 axb5 54. Be7 Bg7 55. b4 Be5 56. Kf2 Bc3 57. Ke2 Bd4 58. Bg5
Be5 59. Kf2 Bd6 60. Bd2 Be5 61. Be1 Bd6 62. Ke2 Be5 63. Kf2 Bd4+ 64. Ke2 Be5
65. Kf2 Bg7 66. Ke2 Bf6 67. Kf2 Kd3 68. Kf3 Bc3 69. Bf2 Bxb4 70. g4 Bd2 71.
gxh5 gxh5 72. Bc5 Be1 73. Be7 Kc4 74. Kf4 Bb4 75. Bxb4 Kxb4 76. Kg5 Kc5 77.
Kxh5 b4 78. Kg6 b3 79. h5 b2 80. h6 b1=Q+ 81. Kg7 Qb2+ 82. Kg8 Qb8+ 83. Kg7
Qc7+ 84. Kg8 Kd6 85. h7 Ke6 86. Kh8 Kf6 0-1

[Event "Madrid-ch 2017-2018 - Previa A"]
[Site "Madrid ESP"]
[Date "2018.02.21"]
[Round "9.11"]
[White "Ramos Garcia, Raul"]
[Black "Bermejo Redondo, Oscar"]
[Result "0-1"]
[WhiteElo "1700"]
[BlackElo "1828"]
[PlyCount "64"]
[EventDate "2018.02.05"]
[EventType "swiss"]
[EventRounds "9"]
[EventCountry "ESP"]
[SourceTitle "Ajedrez en Madrid"]
[Source "lmi"]
[SourceDate "2018.02.05"]

1. d4 Nf6 2. c4 e6 3. a3 b6 4. Nf3 Be7 5. Nc3 Bb7 6. Bg5 O-O 7. e3 d5 8. Bd3
Nbd7 9. O-O h6 10. Bh4 c5 11. cxd5 Nxd5 12. Bxe7 Qxe7 13. Nxd5 Bxd5 14. Rc1
cxd4 15. e4 Bb7 16. Rc7 Bc8 17. Qc2 Qd6 18. Rc6 Qb8 19. Nxd4 Bb7 20. Rc3 Nc5
21. b4 Nxd3 22. Qxd3 Rd8 23. Qe3 Rc8 24. Rfc1 Rxc3 25. Rxc3 Qd6 26. f3 Rd8 27.
Nc2 Bc6 28. Ne1 Bb5 29. Nc2 Qd1+ 30. Qe1 Ba4 31. Qxd1 Rxd1+ 32. Kf2 Rd2+ 0-1

[Event "Madrid-ch 2017-2018 - Previa A"]
[Site "Madrid ESP"]
[Date "2018.02.21"]
[Round "9.12"]
[White "Osorio Ramos, Francisco"]
[Black "De Dompablo Fantova, Juan"]
[Result "1-0"]
[WhiteElo "1821"]
[BlackElo "1688"]
[PlyCount "101"]
[EventDate "2018.02.05"]
[EventType "swiss"]
[EventRounds "9"]
[EventCountry "ESP"]
[SourceTitle "Ajedrez en Madrid"]
[Source "lmi"]
[SourceDate "2018.02.05"]

1. d4 Nf6 2. c4 g6 3. g3 Bg7 4. Bg2 d6 5. Nf3 O-O 6. O-O Nc6 7. Nc3 Bf5 8. Ne1
Qc8 9. e4 Bh3 10. f3 Bxg2 11. Kxg2 Nd7 12. Be3 e5 13. Nc2 exd4 14. Nxd4 Nxd4
15. Bxd4 Ne5 16. Nd5 Qd8 17. Rc1 c6 18. Ne3 Qc7 19. f4 Nd7 20. Bxg7 Kxg7 21.
Qd4+ f6 22. Rfd1 Rad8 23. b4 Qb6 24. Qxb6 Nxb6 25. Rd2 Rfe8 26. Kf3 Nc8 27.
Rcd1 Re7 28. c5 Red7 29. a4 Kf7 30. e5 fxe5 31. fxe5 d5 32. Nc2 Re8 33. Re1
Rde7 34. Rde2 Rf8 35. Nd4 Ke8+ 36. Kg2 Kd7 37. e6+ Ke8 38. Rf2 Rxf2+ 39. Kxf2
Rg7 40. g4 Ne7 41. Kg3 h5 42. h3 hxg4 43. hxg4 Rh7 44. b5 Kd8 45. Kf4 Rh8 46.
Ke5 Kc7 47. Rf1 Kd8 48. bxc6 bxc6 49. Kd6 Re8 50. Rf7 a5 51. Rxe7 1-0

[Event "Madrid-ch 2017-2018 - Previa A"]
[Site "Madrid ESP"]
[Date "2018.02.21"]
[Round "9.13"]
[White "De Luna Butz, Alberto"]
[Black "Marcelo de la Mata, Daniel"]
[Result "1-0"]
[WhiteElo "1799"]
[BlackElo "1609"]
[PlyCount "89"]
[EventDate "2018.02.05"]
[EventType "swiss"]
[EventRounds "9"]
[EventCountry "ESP"]
[SourceTitle "Ajedrez en Madrid"]
[Source "lmi"]
[SourceDate "2018.02.05"]

1. Nf3 f5 2. d3 d6 3. e4 Nf6 4. Nc3 fxe4 5. dxe4 e5 6. Bc4 Bg4 7. Qd3 Bxf3 8.
Qxf3 Nc6 9. Bg5 Nd4 10. Qd3 Be7 11. Be3 Nc6 12. Nd5 a6 13. O-O Qd7 14. a3 Nxd5
15. Qxd5 Nd8 16. b4 c6 17. Qd2 Qg4 18. f3 Qg6 19. a4 Nf7 20. b5 O-O 21. bxc6
bxc6 22. Rab1 Rfb8 23. Rxb8+ Rxb8 24. Bxa6 d5 25. exd5 cxd5 26. Bd3 Qc6 27. Bb5
Qe6 28. Rd1 d4 29. Bf2 Rc8 30. Qe2 Qa2 31. Bd3 Qxa4 32. Qe4 g6 33. Rb1 Bf6 34.
h4 Qd7 35. Rb7 Qc6 36. Qxc6 Rxc6 37. g4 Nd6 38. Ra7 Nc4 39. h5 Bg7 40. Be4 Rd6
41. hxg6 hxg6 42. Bh4 Ne3 43. Ra8+ Kh7 44. Rc8 Rb6 45. Rc7 1-0

[Event "Madrid-ch 2017-2018 - Previa A"]
[Site "Madrid ESP"]
[Date "2018.02.21"]
[Round "9.15"]
[White "Mora Agudo, Jose"]
[Black "Garcia Gonzalez, Pedro A"]
[Result "0-1"]
[WhiteElo "1480"]
[BlackElo "1821"]
[PlyCount "110"]
[EventDate "2018.02.05"]
[EventType "swiss"]
[EventRounds "9"]
[EventCountry "ESP"]
[SourceTitle "Ajedrez en Madrid"]
[Source "lmi"]
[SourceDate "2018.02.05"]

1. d4 Nf6 2. c4 e6 3. Nc3 b6 4. Bg5 Be7 5. Nf3 Bb7 6. Bxf6 Bxf6 7. e4 d6 8. Bd3
g6 9. Qe2 O-O 10. h4 h5 11. e5 Bg7 12. O-O-O Nd7 13. Be4 Bxe4 14. Qxe4 Qe7 15.
g4 hxg4 16. Qxg4 dxe5 17. h5 exd4 18. Nxd4 Ne5 19. Qh3 Bh6+ 20. Kc2 g5 21. Rhg1
Kh8 22. b3 c5 23. Nf3 g4 24. Qh4 Qxh4 25. Nxh4 Rad8 26. Nb5 a6 27. Nd6 Rd7 28.
Rge1 Rfd8 29. Rxe5 Rxd6 30. Rxd6 Rxd6 31. Re2 Kg7 32. Ng2 f5 33. Ne3 Kf6 34.
Re1 Kg5 35. Rh1 f4 36. Nf1 e5 37. Nd2 Rd4 38. f3 g3 39. Kd1 Kf5 40. Ke2 Rd8 41.
Ne4 Rd4 42. Nd2 b5 43. cxb5 axb5 44. a4 bxa4 45. bxa4 Rxa4 46. Rc1 Bf8 47. Ne4
Rxe4+ 48. fxe4+ Kxe4 49. h6 f3+ 50. Kf1 Bxh6 51. Rc4+ Kd5 52. Rc3 e4 53. Kg1
Kd4 54. Ra3 Be3+ 55. Kh1 g2+ 0-1

[Event "Madrid-ch 2017-2018 - Previa A"]
[Site "Madrid ESP"]
[Date "2018.02.21"]
[Round "9.16"]
[White "Marivela Santos, Juan Carlos"]
[Black "Narvaez Parra, Vicente"]
[Result "1/2-1/2"]
[WhiteElo "1686"]
[BlackElo "1809"]
[PlyCount "125"]
[EventDate "2018.02.05"]
[EventType "swiss"]
[EventRounds "9"]
[EventCountry "ESP"]
[SourceTitle "Ajedrez en Madrid"]
[Source "lmi"]
[SourceDate "2018.02.05"]

1. c4 Nf6 2. Nf3 g6 3. Nc3 Bg7 4. g3 O-O 5. Bg2 c6 6. O-O d5 7. cxd5 cxd5 8. d4
Nc6 9. a3 Bg4 10. Ne5 Be6 11. Nxc6 bxc6 12. Na4 Bf5 13. Nc5 Ne4 14. Nxe4 dxe4
15. e3 h5 16. Qc2 Qd5 17. b4 a5 18. Bd2 e5 19. dxe5 Rfd8 20. Bc3 axb4 21. Bxb4
c5 22. Qxc5 Bxe5 23. Qxd5 Rxd5 24. Rad1 Rxd1 25. Rxd1 Bb2 26. Rb1 Be5 27. Bf1
Be6 28. Kg2 Ba2 29. Rc1 Bb3 30. Bb5 Ba4 31. Bc4 Kg7 32. Bd5 Re8 33. Bxe4 Bb2
34. Rc4 Bb3 35. Bc6 Rxe3 36. Re4 Rxe4 37. Bxe4 Ba4 38. Bd5 Bd4 39. f4 f6 40. h3
Bb2 41. Bf3 Bd4 42. Kf1 Bb5+ 43. Ke1 Bg1 44. Bd6 Bd4 45. Bb4 Bd7 46. g4 hxg4
47. hxg4 Be3 48. Bd6 Ba4 49. Ke2 Bc1 50. Be4 g5 51. fxg5 Bxg5 52. Kd3 Bc1 53.
Bf3 Kg6 54. Kc4 Kg5 55. Kb4 Bd7 56. a4 Bxg4 57. Bxg4 Kxg4 58. Kc4 Be3 59. a5 f5
60. a6 f4 61. Bc5 Bxc5 62. Kxc5 f3 63. a7 1/2-1/2

[Event "Madrid-ch 2017-2018 - Previa A"]
[Site "Madrid ESP"]
[Date "2018.02.21"]
[Round "9.17"]
[White "Corredor Gonzalez, Angel L"]
[Black "Jimenez Jimenez, Darfo"]
[Result "0-1"]
[WhiteElo "1745"]
[BlackElo "1708"]
[PlyCount "82"]
[EventDate "2018.02.05"]
[EventType "swiss"]
[EventRounds "9"]
[EventCountry "ESP"]
[SourceTitle "Ajedrez en Madrid"]
[Source "lmi"]
[SourceDate "2018.02.05"]

1. e4 c5 2. Nc3 d6 3. f4 g6 4. Nf3 Bg7 5. Bc4 Nc6 6. Ng5 e6 7. d3 Na5 8. Bb5+
Bd7 9. Bxd7+ Qxd7 10. O-O h6 11. Nf3 b5 12. f5 b4 13. fxe6 Qxe6 14. Nd5 Rc8 15.
c3 bxc3 16. bxc3 Ne7 17. Nxe7 Qxe7 18. Qa4+ Nc6 19. d4 O-O 20. Re1 Rfe8 21. Ba3
Qf6 22. Rab1 cxd4 23. Nxd4 Nxd4 24. cxd4 Qxd4+ 25. Qxd4 Bxd4+ 26. Kf1 Rc2 27.
Re2 Rxe2 28. Kxe2 Rxe4+ 29. Kd3 Re3+ 30. Kxd4 Rxa3 31. Rb2 Kf8 32. Kd5 Ke7 33.
Rb7+ Kf6 34. Rb2 Ra6 35. Rf2+ Ke7 36. Re2+ Kd7 37. Rb2 Ra5+ 38. Kc4 Rc5+ 39.
Kd4 a5 40. Rb7+ Kc6 41. Rxf7 Rc2 0-1

[Event "Madrid-ch 2017-2018 - Previa A"]
[Site "Madrid ESP"]
[Date "2018.02.21"]
[Round "9.19"]
[White "Bellagamba, Pascal"]
[Black "Lopez Orellana, Federico"]
[Result "1/2-1/2"]
[WhiteElo "1605"]
[BlackElo "1702"]
[PlyCount "56"]
[EventDate "2018.02.05"]
[EventType "swiss"]
[EventRounds "9"]
[EventCountry "ESP"]
[SourceTitle "Ajedrez en Madrid"]
[Source "lmi"]
[SourceDate "2018.02.05"]

1. e4 d5 2. exd5 Nf6 3. Nc3 Nxd5 4. Nge2 Nxc3 5. Nxc3 e5 6. Bc4 Bd6 7. d3 O-O
8. Be3 c6 9. Qd2 b5 10. Bb3 Nd7 11. Ne4 Be7 12. O-O Nf6 13. f3 Nd5 14. Bf2 Kh8
15. Rfe1 f6 16. Rad1 Qc7 17. Nc5 Rd8 18. Qc1 Bxc5 19. Bxc5 Bf5 20. Qd2 a5 21.
a3 Rab8 22. Kh1 b4 23. Qf2 bxa3 24. Bxa3 Nb4 25. Re2 c5 26. Bc4 Rbc8 27. Rde1
Bg6 28. b3 Nd5 1/2-1/2

[Event "Madrid-ch 2017-2018 - Previa A"]
[Site "Madrid ESP"]
[Date "2018.02.21"]
[Round "9.22"]
[White "Martinez Gallardo, Javier"]
[Black "Moreno Uribarri, Miguel"]
[Result "1-0"]
[WhiteElo "1617"]
[BlackElo "1626"]
[PlyCount "105"]
[EventDate "2018.02.05"]
[EventType "swiss"]
[EventRounds "9"]
[EventCountry "ESP"]
[SourceTitle "Ajedrez en Madrid"]
[Source "lmi"]
[SourceDate "2018.02.05"]

1. e4 c5 2. Nf3 d6 3. c3 Nf6 4. Be2 g6 5. O-O Bg7 6. Re1 O-O 7. d3 Nc6 8. Nbd2
Rb8 9. Nf1 b5 10. a3 a5 11. Ng3 b4 12. Bd2 bxc3 13. Bxc3 d5 14. exd5 Nxd5 15.
Bxg7 Kxg7 16. Qc2 Qb6 17. Rab1 Be6 18. Ne4 Nd4 19. Qxc5 Qxc5 20. Nxc5 Nxe2+ 21.
Rxe2 Nc3 22. Nxe6+ fxe6 23. Rbe1 Nxe2+ 24. Rxe2 Kf6 25. Ne5 Rfc8 26. f4 Rc1+
27. Kf2 Rbc8 28. Nc4 Rc5 29. g4 g5 30. fxg5+ Rxg5 31. h3 Rh1 32. Kg2 Rd1 33.
Nd2 Rb5 34. Ne4+ Kf7 35. Nc3 Rxb2 36. Rxb2 Rxd3 37. Nb5 e5 38. a4 Ke6 39. Rc2
Kd5 40. Rc3 Ke4 41. Rc7 Rd2+ 42. Kg3 Rd3+ 43. Kh4 Kf3 44. Rxe7 e4 45. Rf7+ Ke2
46. Rf4 Ke3 47. Rf5 Ke2 48. Nc7 Rf3 49. Nd5 Rd3 50. Nf4+ Ke3 51. Nxd3 exd3 52.
Rxa5 Ke4 53. Rb5 1-0

[Event "Madrid-ch 2017-2018 - Previa A"]
[Site "Madrid ESP"]
[Date "2018.02.21"]
[Round "9.23"]
[White "Martinez Miura, Enrique"]
[Black "Enriquez Pastor, Jorge"]
[Result "1/2-1/2"]
[WhiteElo "1618"]
[BlackElo "1468"]
[PlyCount "163"]
[EventDate "2018.02.05"]
[EventType "swiss"]
[EventRounds "9"]
[EventCountry "ESP"]
[SourceTitle "Ajedrez en Madrid"]
[Source "lmi"]
[SourceDate "2018.02.05"]

1. e4 c6 2. d4 d5 3. Nc3 dxe4 4. Nxe4 Bf5 5. Ng3 Bg6 6. Nf3 Nd7 7. Bd3 Bxd3 8.
Qxd3 Ngf6 9. O-O e6 10. Re1 Be7 11. Bf4 O-O 12. Rad1 Nb6 13. c4 Rc8 14. Qb3 h6
15. h3 Qe8 16. a4 c5 17. a5 Qa4 18. Qxa4 Nxa4 19. b3 Nc3 20. Rd3 cxd4 21. Nxd4
Bb4 22. Nc2 Ncd5 23. Nxb4 Nxb4 24. Rd2 Nc6 25. b4 Rfd8 26. Rxd8+ Rxd8 27. b5
Nb4 28. Bc7 Rd4 29. c5 Rc4 30. Bd6 Nd3 31. Rb1 Nxc5 32. Bb8 a6 33. bxa6 bxa6
34. Ba7 Nfd7 35. Nf1 Ra4 36. Bb6 Ra3 37. Nd2 f6 38. Rc1 Na4 39. Nc4 Rc3 40.
Rxc3 Nxc3 41. Bc7 Nb5 42. Bd8 Kf8 43. Kf1 Ke8 44. Bb6 Nb8 45. Ke2 Kd7 46. Kd3
e5 47. g4 Nc6 48. Nd2 Nd6 49. Ke3 Kc8 50. Ke2 Kb7 51. Nb3 Nb8 52. Nc5+ Kc6 53.
Ne6 g6 54. Nc5 Nd7 55. Nxa6 Nxb6 56. axb6 Kxb6 57. Nb4 Kc5 58. Nd3+ Kd4 59. f3
h5 60. gxh5 gxh5 61. Nf2 f5 62. Nd3 f4 63. Nf2 Nf5 64. Nd1 Ng3+ 65. Kf2 h4 66.
Nb2 Nf5 67. Ke2 Ne3 68. Nd3 Nf5 69. Ne1 Ng3+ 70. Kf2 e4 71. fxe4 Kxe4 72. Ng2
Nf5 73. Ne1 Ne3 74. Ke2 Nf5 75. Kf2 Ne3 76. Ke2 Kf5 77. Nf3 Kg6 78. Nxh4+ Kh5
79. Nf3 Kg6 80. Nd4 Kg5 81. Ne6+ Kf5 82. Nxf4 1/2-1/2

[Event "Madrid-ch 2017-2018 - Previa A"]
[Site "Madrid ESP"]
[Date "2018.02.21"]
[Round "9.24"]
[White "Rufo Yebra, Benito"]
[Black "Martinez Carrasco, Jesus"]
[Result "0-1"]
[WhiteElo "1409"]
[BlackElo "1620"]
[PlyCount "144"]
[EventDate "2018.02.05"]
[EventType "swiss"]
[EventRounds "9"]
[EventCountry "ESP"]
[SourceTitle "Ajedrez en Madrid"]
[Source "lmi"]
[SourceDate "2018.02.05"]

1. d4 Nf6 2. Nc3 g6 3. e4 d6 4. Bf4 Bg7 5. Nf3 O-O 6. Qd2 Nbd7 7. h3 Re8 8. Bh6
e5 9. Bxg7 Kxg7 10. d5 a6 11. g4 Nc5 12. Bd3 Nxd3+ 13. Qxd3 b6 14. g5 Nh5 15.
Ne2 f5 16. gxf6+ Qxf6 17. O-O-O Rf8 18. Nd2 Bd7 19. f4 Bb5 20. fxe5 Qxe5 21.
Qc3 Bxe2 22. Qxe5+ dxe5 23. Rde1 Bb5 24. b3 Rf7 25. a4 Bd7 26. Nc4 Re7 27. d6
cxd6 28. Nxd6 Re6 29. Rd1 Bc6 30. Rhf1 Nf4 31. h4 Ne2+ 32. Kb2 Nf4 33. h5 Nxh5
34. Rf7+ Kg8 35. Rc7 Be8 36. Nc4 b5 37. axb5 axb5 38. Ne3 Nf6 39. Rh1 h5 40.
Rg1 Nxe4 41. Nf5 g5 42. Rg7+ Kh8 43. Rc7 Bg6 44. Ne7 Re8 45. Nd5 g4 46. Rb7 Nd6
47. Rd7 Rc8 48. c3 e4 49. Rf1 Nf5 50. Nf4 Ng3 51. Nxg6+ Rxg6 52. Rff7 Re8 53.
Kc2 e3 54. Kd1 Ne4 55. c4 bxc4 56. bxc4 Ng5 57. Rfe7 Rxe7 58. Rxe7 Re6 59. Rxe6
Nxe6 60. Ke2 Kg7 61. Kxe3 Kf6 62. Kf2 Ke5 63. Kg3 Kd4 64. Kh4 Ke3 65. Kg3 Ke2
66. Kg2 Ng5 67. Kg1 Kf3 68. Kh2 g3+ 69. Kg1 h4 70. Kh1 h3 71. Kg1 g2 72. Kh2
Kf2 0-1

[Event "Madrid-ch 2017-2018 - Previa A"]
[Site "Madrid ESP"]
[Date "2018.02.21"]
[Round "9.25"]
[White "Dominguez Afonso, Ayraldo"]
[Black "Gonzalez Recas, Fernando"]
[Result "1/2-1/2"]
[WhiteElo "1561"]
[BlackElo "1643"]
[PlyCount "86"]
[EventDate "2018.02.05"]
[EventType "swiss"]
[EventRounds "9"]
[EventCountry "ESP"]
[SourceTitle "Ajedrez en Madrid"]
[Source "lmi"]
[SourceDate "2018.02.05"]

1. e4 d6 2. d4 Nf6 3. Nc3 g6 4. Nf3 c6 5. a4 Bg7 6. Be3 O-O 7. h3 Qc7 8. Qd2
Nbd7 9. Bc4 a6 10. O-O Re8 11. Bh6 Nf8 12. Bxg7 Kxg7 13. e5 dxe5 14. dxe5 N6d7
15. Rfe1 Nb6 16. Ba2 Be6 17. Bxe6 Nxe6 18. Nd4 Nxd4 19. Qxd4 Rad8 20. Qf4 Nd5
21. Qf3 Nxc3 22. Qxc3 e6 23. Rad1 Rd7 24. Rd6 Kg8 25. Red1 Red8 26. Qg3 Rxd6
27. exd6 Qc8 28. c4 b6 29. a5 Qb8 30. b4 bxa5 31. bxa5 Qb4 32. d7 Qxa5 33. Qd6
Qb6 34. c5 Qb7 35. Qe7 Qc7 36. Rd6 a5 37. Rxc6 Qxd7 38. Qxd7 Rxd7 39. Ra6 Rc7
40. Rxa5 Kf8 41. Kf1 Ke7 42. Ke2 Rd7 43. Ra1 Rd5 1/2-1/2

[Event "Madrid-ch 2017-2018 - Previa A"]
[Site "Madrid ESP"]
[Date "2018.02.21"]
[Round "9.26"]
[White "Beekhof Harmsen, Willen"]
[Black "Osuna Osuna, Francisco"]
[Result "0-1"]
[WhiteElo "1514"]
[BlackElo "1566"]
[PlyCount "62"]
[EventDate "2018.02.05"]
[EventType "swiss"]
[EventRounds "9"]
[EventCountry "ESP"]
[SourceTitle "Ajedrez en Madrid"]
[Source "lmi"]
[SourceDate "2018.02.05"]

1. d4 d5 2. Nf3 f5 3. Bf4 e6 4. e3 Nf6 5. Be2 Bd6 6. Ne5 O-O 7. Nd2 Ne4 8. O-O
g5 9. Nxe4 dxe4 10. Bxg5 Qxg5 11. f4 exf3 12. Rxf3 Bxe5 13. dxe5 Qe7 14. Rg3+
Kh8 15. Rh3 Nc6 16. Bh5 Rg8 17. Qe2 b6 18. Rf1 Nxe5 19. e4 Bb7 20. Rf2 Bxe4 21.
Kf1 Rad8 22. Bf3 Nd3 23. Bxe4 Nxf2 24. Kxf2 fxe4 25. Qxe4 Qc5+ 26. Ke2 Qf5 27.
Rxh7+ Qxh7 28. Qe5+ Rg7 29. Qc3 Qxh2 30. Qf6 Qxg2+ 31. Ke3 Qg5+ 0-1

[Event "Madrid-ch 2017-2018 - Previa A"]
[Site "Madrid ESP"]
[Date "2018.02.21"]
[Round "9.27"]
[White "Ramos Antona, Enrique"]
[Black "Santiago Garcia, Jorge"]
[Result "1-0"]
[WhiteElo "1587"]
[BlackElo "1483"]
[PlyCount "91"]
[EventDate "2018.02.05"]
[EventType "swiss"]
[EventRounds "9"]
[EventCountry "ESP"]
[SourceTitle "Ajedrez en Madrid"]
[Source "lmi"]
[SourceDate "2018.02.05"]

1. d4 d5 2. c4 e5 3. dxe5 d4 4. e3 Bb4+ 5. Bd2 dxe3 6. fxe3 Nc6 7. Nf3 Bg4 8.
Bxb4 Qxd1+ 9. Kxd1 Nxb4 10. h3 O-O-O+ 11. Nbd2 Bf5 12. Ke2 Nc2 13. Rc1 Bd3+ 14.
Kf2 Nb4 15. Rc3 Bxf1 16. Rxf1 Nd3+ 17. Ke2 Nxb2 18. Rb1 Na4 19. Ra3 Nc5 20.
Rxa7 Kb8 21. Ra3 h6 22. Nb3 Ne4 23. Na5 Kc8 24. Nxb7 Re8 25. Ra8+ Kd7 26. Rxe8
Kxe8 27. Kd3 f5 28. Na5 Kd7 29. Rb8 Nc5+ 30. Kc3 c6 31. Nd4 Ne4+ 32. Kc2 c5 33.
Nxf5 g6 34. Nh4 Ke6 35. Nxg6 Ne7 36. Rxh8 Nxg6 37. Rxh6 Kf5 38. Rh5+ Ng5 39.
g4+ Kxe5 40. Rxg5+ Kf6 41. Rxg6+ Kxg6 42. h4 Kh6 43. Nb7 Kg7 44. Nxc5 Kh6 45.
a4 Kg6 46. a5 1-0